000 00381nam a2200157Ia 4500
008 230524s9999 xx 000 0 und d
082 _a330
_bSEN
100 _aAnindya Sen
245 0 _aMicroEconomics : Theory and Applications
250 _aIST
260 _aNEW DELHI
_bOxford
_c2006
300 _aX;405
500 _aQuantity Number: 2
650 _aEconomics
942 _cBK
999 _c40716
_d40716